| 000 | 00394cam a2200169ua 4500 | ||
|---|---|---|---|
| 020 | _c2.50 | ||
| 041 |
_amal _h |
||
| 082 |
_a894.8122 _bMOH/KA |
||
| 100 | _aMohammed, K.T . | ||
| 245 |
_aKadalppalam / _cK.T.Mohammed. _hTextual Documents |
||
| 260 |
_aThrissur : _bCurrent Books , _c1965. |
||
| 300 | _a170 ; . | ||
| 365 | _a2.50 | ||
| 504 | _a | ||
| 942 | _cBK | ||
| 999 |
_c1084 _d1084 |
||